MARC details
| 000 -CABECERA |
| campo de control de longitud fija |
01119cam a2200253 a 4500 |
| 001 - NÚMERO DE CONTROL |
| campo de control |
000006039 |
| 005 - FECHA Y HORA DE LA ÚLTIMA TRANSACCIÓN |
| campo de control |
20200929151910.0 |
| 008 - DATOS DE LONGITUD FIJA--INFORMACIÓN GENERAL |
| campo de control de longitud fija |
970530s1996 cu 001 p spa |
| 020 ## - NÚMERO INTERNACIONAL ESTÁNDAR DEL LIBRO |
| Número Internacional Estándar del Libro |
959040040X |
| 040 ## - FUENTE DE LA CATALOGACIÓN |
| Centro catalogador/agencia de origen |
DO-SdBNP |
| Centro/agencia transcriptor |
DLC |
| Centro/agencia modificador |
DLC |
| 082 ## - NÚMERO DE LA CLASIFICACIÓN DECIMAL DEWEY |
| Número de clasificación |
Ch861.44 |
| Número de documento/Ítem |
H313c |
| 100 1# - ENTRADA PRINCIPAL--NOMBRE DE PERSONA |
| Nombre de persona |
Harris, Tomás, |
| Fechas asociadas al nombre |
1956- |
| 9 (RLIN) |
17029 |
| 245 10 - MENCIÓN DE TÍTULO |
| Título |
Crónicas maravillosas / |
| Mención de responsabilidad, etc. |
Tomàs Harris ; edicion, Ramos César. |
| 260 ## - PUBLICACIÓN, DISTRIBUCIÓN, ETC. |
| Lugar de publicación, distribución, etc. |
La Habana : |
| Nombre del editor, distribuidor, etc. |
Casa de las Américas, |
| Fecha de publicación, distribución, etc. |
1996. |
| 300 ## - DESCRIPCIÓN FÍSICA |
| Extensión |
179 p. ; |
| Dimensiones |
19 cm. |
| 490 1# - MENCIÓN DE SERIE |
| Mención de serie |
Arte de nuestra América "Haydee Santamaría" Casa de las Américas |
| -- |
Poesía |
| 500 ## - NOTA GENERAL |
| Nota general |
Premio Casa de las Américas |
| 520 1# - SUMARIO, ETC. |
| Sumario, etc. |
"Extensa colección en que el personaje de Bergman, Antonius Block, se desplaza a la deriva en un universo multiforme y caótica, de fuertes tonalidades pesadillescas, donde los tiempos y las culturas se entrecruzan para formar una épica onírica y agónica". |
| 650 #4 - PUNTO DE ACCESO ADICIONAL DE MATERIA--TÉRMINO DE MATERIA |
| Término de materia o nombre geográfico como elemento de entrada |
Poesía chilena |
| 9 (RLIN) |
9166 |
| 650 #4 - PUNTO DE ACCESO ADICIONAL DE MATERIA--TÉRMINO DE MATERIA |
| Término de materia o nombre geográfico como elemento de entrada |
Literatura chilena |
| Subdivisión cronológica |
SIGLO XX |
| 9 (RLIN) |
14677 |
| 700 1# - PUNTO DE ACCESO ADICIONAL--NOMBRE DE PERSONA |
| Nombre de persona |
Ramos, César |
| 9 (RLIN) |
13341 |
| 830 #0 - PUNTO DE ACCESO ADICIONAL DE SERIE-TÍTULO UNIFORME |
| Título uniforme |
Premio Casa de las Américas ; |
| Nombre de parte o sección de la obra |
Poesía |
| 9 (RLIN) |
17030 |
| 910 ## - DATOS DE OPCIÓN DEL USUARIO (OCLC) |
| Datos de opción del usuario |
Catalogación derivada / LC |